000 00956cam a2200325 4500
001 3148115
003 OSt
005 20140310182103.0
008 690724s1968 enkg b 000 0 eng
010 _a 73395516
015 _aB68-04105
020 _a014070714
040 _aDLC
_cDLC
_dDLC
050 0 0 _aPR 2803.A2
_b.Sh527 1968
082 0 0 _aHS 822.3303
_bSh1 1968
100 1 _aShakespeare, William
_d1564-1616.
_912841
245 1 0 _aAs you like it /
_cWilliam Shakespeare.
260 _aEngland :
_bPenguin books,
_cc1968.
300 _a202 p. :
_c18 cm.
350 _a4/6
490 0 _aNew Penguin Shakespeare, 14
650 0 _aFathers and daughters
_xDrama.
_912842
650 0 _aExiles
_xDrama.
_912843
655 7 _aPastoral drama.
_2gsafd
_97773
655 7 _aComedies.
_2gsafd
_97774
700 1 _aOliver, H. J.
_q(Harold James),
_eed.
_912844
906 _a7
_bcbc
_corignew
_du
_encip
_f19
_gy-gencatlg
942 _2lcc
_cHS
999 _c9217
_d9217